Bolivia: un balance crítico del golpe militar
Guardat en:
| Format: | Text |
|---|---|
| Idioma: | Spanish |
| Matèries: | |
| Etiquetes: |
Afegir etiqueta
Sense etiquetes, Sigues el primer a etiquetar aquest registre!
|
MARC
| LEADER | 00000 a a2200000 04500 | ||
|---|---|---|---|
| 001 | 17985 | ||
| 003 | cru CIDCACS/IIS | ||
| 005 | 20191120154018.0 | ||
| 008 | 191120b ||||| |||| 00| 0 spa d | ||
| 999 | |c 42619 |d 42619 | ||
| 040 | |c cru CIDCACS/IIS | ||
| 245 | |a Bolivia: |b un balance crítico del golpe militar | ||
| 300 | |a páginas 469-471 | ||
| 650 | 4 | |a MILITARISMO |9 1934 | |
| 650 | 0 | |a DICTADURA |9 131 | |
| 650 | 0 | |a POLITICA |9 3691 | |
| 651 | 0 | |9 3492 |a BOLIVIA | |
| 773 | 0 | |0 42391 |9 3850 |a Agencia Latinoamericana de Información, ALAI |d Quito, Ecuador: ALAI |o 04487 |t ALAI: |x 08275564 (Servicio mensual de información y documentación) | |
| 942 | |2 ddc |c PP | ||
